Tobrouk - Choix multiples - Statistiques

Statistiques générales
  • Ce quiz a été pris 2 fois
  • Le résultat moyen est 5 sur 10
Statistiques - réponses
Question Réponse % Correct
Après quelle bataille victorieuse, les Alliés reprirent définitivement Tobrouk le 11 novembre 1942 ? El Alamein
100%
Quel officier allemand surnommé "Le Renard du désert" captura Tobrouk le 21 juin 1942 ? Erwin Rommel
100%
Dans quel pays se situe Tobrouk ? La Libye
100%
Quel État fit du port de Tobrouk, un port militaire en 1912 ? L'Italie
100%
Qu'est-ce qu'un tobrouk, nom commun hérité des différentes batailles de Tobrouk pendant la guerre ? Un petit abri bétonné qui débouche sur l'extérieur par une ouverture au sommet.
50%
Reconnaissez-vous le port de Tobrouk sur l'une des images suivantes ?
0%
Parmi les acteurs suivants, lequel ne figure pas dans la distribution du film précédent ? Bernard Blier
0%
Dans quel pays trouve-t-on le Tobruk Memorial Baths, un complexe de piscines ouvert au public en 1950, en mémoire des soldats nationaux tués pendant le siège de Tobrouk de 1941 ? En Australie
0%
Comment les habitants de Tobrouk s'approvisionnent-ils en eau potable ? Grâce à une usine de dessalement d'eau de mer.
0%
Comment s'appelle le film français réalisé par Denys de La Patellière dont l'histoire se déroule en octobre 1942 dans le désert peu de temps avant la reprise de Tobrouk par les Alliés ? Un taxi pour Tobrouk
0%
Aucun quiz correspondant
Distribution des résultats
% des personnes avec chaque résultat
Percentile par nombre de réponses
Votre historique - résultats
Vous n’avez pas pris ce quiz